| 000 | 00533nam a2200181Ia 4500 | ||
|---|---|---|---|
| 999 |
_c15146 _d15146 |
||
| 003 | OSt | ||
| 005 | 20201027095656.0 | ||
| 008 | 190216s9999||||xx |||||||||||||| ||und|| | ||
| 020 | _a9788172235024 | ||
| 040 | _coclc | ||
| 082 |
_a813.54 _bLAH/I |
||
| 100 |
_aLahiri, Jhumpa _95405 |
||
| 245 | 0 |
_aInterpreter Of Maladies : _bStories of Bengal, Boston, and Beyond / _cJhumpa Lahiri |
|
| 260 |
_bHarper Collins _c2016 |
||
| 300 | _a197p | ||
| 650 | _aEnglish | ||
| 942 |
_cBK _2ddc _h813.54 _iLAH/I _k813.54 _mLAH/I |
||